00747nam a2200193Ia 4500008004100000100002200041245015600063245006600219260003900285260000900324300001800333440005400351650002000405650001100425650001600436650001000452999001900462952007200481170419s9999 xx 000 0 und d aBonner, Bryan L.  aIn the same group but moving in different directions: coordination effects in tasks with simultaneous intellective and judgemental preformance criteria cBryan L. Bonner, Andrew T. Soderberg, and Alexander C. Romney bAmerican Psychological Association c2016 aDecember 2016 aJournal of Experimental Psychology: Appliedv22:4 aDEMONSTRABILITY aGROUPS aPERFORMANCE aTEAMS c329541d329541 001040aCLbCLd2017-04-19l0r2017-04-19 00:00:00w2017-04-19ySE